Histoire du drapeau de la Papouasie-Nouvelle-Guinée - Statistiques

Statistiques générales
  • Ce quiz a été pris 25 fois
  • Le résultat moyen est 5 sur 6
Statistiques - réponses
Hint Réponse % Correct
Occupation japonaise pendant la seconde guerre mondiale (1942-1945)
95%
Nouvelle-Guinée allemande (1884-1919)
95%
Territoire de Nouvelle-Guinée (1919-1942 et 1945-1949)
84%
Deuxième drapeau de l'union administrative du territoire de Papouasie et du territoire de Nouvelle-Guinée (1971-1975) et Papouasie-Nouvelle-Guinée (depuis 1975)
68%
Territoire de Papouasie (1884-1942 et 1945-1949)
58%
Premier drapeau de l'union administrative du territoire de Papouasie et du territoire de Nouvelle-Guinée (1949-1971)
58%
Aucun quiz correspondant
Distribution des résultats
% des personnes avec chaque résultat
Percentile par nombre de réponses
Votre historique - résultats
Vous n’avez pas pris ce quiz